| 000 | 00509nam a2200181Ia 4500 | ||
|---|---|---|---|
| 008 | 090201s9999 xx 000 0 und d | ||
| 010 | _aKPL-67628 | ||
| 040 | _bमराठी | ||
| 041 | _aमराठी | ||
| 082 |
_a45083 _b67628 |
||
| 100 | _aचि वि जोशी | ||
| 245 |
_aवारी _cचि वि जोशी |
||
| 250 | _a3 | ||
| 260 |
_c2005 _bकॉन्टीनेंटल प्रकाशन |
||
| 300 |
_a140 _bमोठा |
||
| 600 | _aवारी | ||
| 942 | _cBOOK | ||
| 999 |
_c242047 _d242047 |
||